Loading...

Mastering microsoft frontpage 2002

Bibliographic Details
Main Author: Weverka, Peter
Other Authors: Holzschlag, Molly E
Format: Printed Book
Published: New Delhi BPB Publications 2001
Edition:Premium edition
Subjects:
LEADER 00736nam a22002177a 4500
003 OSt
999 |c 193515  |d 193515 
020 |a 9788176565257 
082 |a 005.72   |b WEV/MA 
100 |a Weverka, Peter 
245 |a Mastering microsoft frontpage 2002  
250 |a Premium edition 
260 |a New Delhi  |b BPB Publications  |c 2001 
300 |a 968p. 
546 |a English 
650 |a Building basic front page website 
650 |a Creating sophisticated designs 
650 |a Advanced Web Graphic Design 
700 |a Holzschlag, Molly E 
942 |2 ddc  |c BK 
952 |0 0  |1 0  |2 ddc  |4 0  |6 005_720000000000000_WEV_MA  |7 0  |8 Gen  |9 200102  |a KAUCLV  |b KAUCLV  |c GENERAL  |d 2019-10-17  |o 005.72 WEV/MA  |p 810708  |r 2019-10-17  |w 2019-10-17  |y BK  |z Transferred from CeG, KAU